000 00262nam a22001217a 4500
005 20180414130145.0
008 160513b xxu||||| |||| 00| 0 eng d
041 _aeng
082 _b1815
_a346.07
245 _aBusiness Law
650 _aManagement
_9241
942 _cBK
999 _c701
_d701